Drużyny Serie A w piłce nożnej na sezon 2022/2023. - Statystyki

Ogólne statystyki
  • Ten quiz został rozwiązany 283 razy
  • Średni wynik to 13 z 20
Statystyki odpowiedzi
DRUŻYNA % Poprawnych
Juventus
99%
AC Milan
97%
Inter
95%
Napoli
93%
AS Roma
87%
Lazio
79%
Atalanta
69%
Fiorentina
68%
Sassuolo
59%
Sampdoria
58%
Torino
58%
Salernitana
57%
Spezia
56%
Empoli
53%
Udinese
48%
Bologna
47%
Monza
46%
Verona
45%
Cremonese
39%
Lecce
39%
Nie znaleziono quizów pasujących do podanych kryteriów
Rozkład punktacji
Procent ludzi z każdym wynikiem
Percentyl według liczby udzielonych odpowiedzi
Twoja historia wyników
Nie rozwiązałeś tego quizu